[Event "Karposh Open 2015"]
[Site "Skopje MKD"]
[Date "2015.03.30"]
[Round "5.107"]
[White "Harstad, Christian"]
[Black "Lakinska, Simona"]
[Result "1-0"]
[WhiteElo "1951"]
[BlackElo "1605"]
[PlyCount "87"]
[EventDate "2015.03.27"]
[EventType "swiss"]
[EventRounds "9"]
[EventCountry "MKD"]
[Source "lmi"]
[SourceDate "2015.03.27"]

1. d4 Nf6 2. c4 c5 3. d5 b5 4. cxb5 a6 5. b6 Qxb6 6. Nc3 d6 7. e4 g6 8. Nf3
Nbd7 9. a4 Bg7 10. a5 Qb4 11. Ra4 Qb8 12. h3 O-O 13. Bc4 Qc7 14. Qd3 Re8 15.
Bf4 Nh5 16. Bh2 Ne5 17. Nxe5 Bxe5 18. Bxe5 dxe5 19. g3 Bd7 20. Ra1 Qd6 21. Na4
Bxa4 22. Rxa4 Reb8 23. b3 Rd8 24. O-O e6 25. Rd1 exd5 26. Bxd5 Qe7 27. Qe2 Ra7
28. Raa1 Nf6 29. Bc4 Rxd1+ 30. Rxd1 Qb7 31. f3 Qc7 32. Qd2 Kg7 33. Qd8 Qb7 34.
Rd6 Nd7 35. Qe7 Nb8 36. Qxe5+ f6 37. Qxf6+ Kh6 38. Qf4+ Kg7 39. Rb6 Qd7 40.
Qf6+ Kh6 41. Rxb8 Qd1+ 42. Bf1 Qe1 43. Qf4+ Kh5 44. Qh4# 1-0

[Event "Karposh Open 2015"]
[Site "Skopje MKD"]
[Date "2015.03.30"]
[Round "5.110"]
[White "Kjosev, Vlatko"]
[Black "Krstevski, Vladimir"]
[Result "1/2-1/2"]
[WhiteElo "1653"]
[BlackElo "1539"]
[PlyCount "44"]
[EventDate "2015.03.27"]
[EventType "swiss"]
[EventRounds "9"]
[EventCountry "MKD"]
[Source "lmi"]
[SourceDate "2015.03.27"]

1. e4 g6 2. d4 Bg7 3. c4 d6 4. Nf3 c5 5. dxc5 Qa5+ 6. Bd2 Qxc5 7. Nc3 Nf6 8.
Rb1 O-O 9. Be2 Qc6 10. Nd5 Re8 11. Nd4 Qd7 12. Qc2 Nxd5 13. cxd5 Bxd4 14. a4 a6
15. b4 b5 16. a5 e6 17. Qd3 Bg7 18. Bf4 exd5 19. O-O dxe4 20. Qg3 Be5 21. Rfd1
Bxf4 22. Qxf4 d5 1/2-1/2

[Event "Karposh Open 2015"]
[Site "Skopje MKD"]
[Date "2015.03.31"]
[Round "6.11"]
[White "Miron, Lucian-Costin"]
[Black "Arat, Ufuk Sezen"]
[Result "0-1"]
[WhiteElo "2485"]
[BlackElo "2361"]
[PlyCount "80"]
[EventDate "2015.03.27"]
[EventType "swiss"]
[EventRounds "9"]
[EventCountry "MKD"]
[Source "lmi"]
[SourceDate "2015.03.27"]

1. d4 d5 2. Nf3 c6 3. e3 Nf6 4. c4 Bf5 5. Nc3 e6 6. Bd3 Bxd3 7. Qxd3 Bd6 8. O-O
O-O 9. b3 Nbd7 10. Bb2 dxc4 11. bxc4 e5 12. Rfd1 exd4 13. Qxd4 Bc5 14. Qf4 Qe7
15. Nd4 Rfe8 16. Nf5 Qe5 17. Qg5 g6 18. g4 Bf8 19. Na4 Qe6 20. h3 Qxc4 21. Rd4
Qe6 22. Rf4 Nd5 23. Nh6+ Bxh6 24. Qxh6 f6 25. Rd4 Ne5 26. Kg2 Nd3 27. Rd1 Nxb2
28. Nxb2 f5 29. Nd3 Red8 30. Qg5 Qe7 31. Qh6 Nc3 32. Re1 Qg7 33. Qf4 Nd5 34.
Qg3 Qc7 35. Qh4 c5 36. Rc4 Qc6 37. e4 b6 38. Kg1 Nf6 39. Nf4 Nxe4 40. gxf5 Nd2
0-1

[Event "Karposh Open 2015"]
[Site "Skopje MKD"]
[Date "2015.03.31"]
[Round "6.12"]
[White "Damljanovic, Branko"]
[Black "Mazi, Leon"]
[Result "1-0"]
[WhiteElo "2562"]
[BlackElo "2382"]
[PlyCount "75"]
[EventDate "2015.03.27"]
[EventType "swiss"]
[EventRounds "9"]
[EventCountry "MKD"]
[Source "lmi"]
[SourceDate "2015.03.27"]

1. c4 e5 2. Nc3 Nc6 3. Nf3 f5 4. g3 Nf6 5. d4 e4 6. Nh4 d6 7. Ng2 g6 8. Nf4 Qe7
9. h4 Qf7 10. e3 Bg7 11. Be2 Nd8 12. d5 a6 13. Bd2 Bd7 14. b4 O-O 15. Rc1 Qe8
16. c5 Nf7 17. Qb3 Kh8 18. Kf1 Ne5 19. Kg2 h6 20. a4 Qe7 21. cxd6 cxd6 22. Nb1
Kh7 23. Bc3 Rfe8 24. Nd2 Nfg4 25. b5 Nf6 26. bxa6 bxa6 27. Qa3 Rec8 28. Bxe5
Qxe5 29. Nc4 Qe7 30. Nb6 Rxc1 31. Qxc1 Ra7 32. Nc8 Bxc8 33. Qxc8 a5 34. h5 g5
35. Qxf5+ Kg8 36. Ne6 Qe8 37. Bb5 Qf7 38. Rc1 1-0

[Event "Karposh Open 2015"]
[Site "Skopje MKD"]
[Date "2015.03.31"]
[Round "6.13"]
[White "Pavlidis, Antonios"]
[Black "Saduakassova, Dinara"]
[Result "1/2-1/2"]
[WhiteElo "2539"]
[BlackElo "2398"]
[PlyCount "51"]
[EventDate "2015.03.27"]
[EventType "swiss"]
[EventRounds "9"]
[EventCountry "MKD"]
[Source "lmi"]
[SourceDate "2015.03.27"]

1. e4 c5 2. Nf3 d6 3. d4 cxd4 4. Nxd4 Nf6 5. Nc3 e6 6. g4 e5 7. Bb5+ Bd7 8.
Bxd7+ Qxd7 9. Nf5 h5 10. gxh5 Nxh5 11. Bh6 g6 12. Bxf8 gxf5 13. Bxd6 Nc6 14.
Bc5 Qxd1+ 15. Rxd1 b6 16. Rd6 Rc8 17. Ba3 Nd4 18. Kd1 Rxc3 19. Rxd4 Rxa3 20.
Rc4 Rxa2 21. Rc8+ Kd7 22. Rxh8 Ra1+ 23. Kd2 Rxh1 24. Rxh5 fxe4 25. Rxe5 Rxh2
26. Ke3 1/2-1/2

[Event "Karposh Open 2015"]
[Site "Skopje MKD"]
[Date "2015.03.31"]
[Round "6.14"]
[White "Enchev, Ivajlo"]
[Black "Djukic, Nikola"]
[Result "1/2-1/2"]
[WhiteElo "2395"]
[BlackElo "2529"]
[PlyCount "35"]
[EventDate "2015.03.27"]
[EventType "swiss"]
[EventRounds "9"]
[EventCountry "MKD"]
[Source "lmi"]
[SourceDate "2015.03.27"]

1. d4 Nf6 2. c4 g6 3. Nc3 Bg7 4. e4 d6 5. Nf3 O-O 6. Be2 e5 7. O-O Nc6 8. d5
Ne7 9. Ne1 Nd7 10. f3 f5 11. g4 Nf6 12. Be3 c6 13. a4 a5 14. Nd3 c5 15. h4 Bd7
16. Nf2 h6 17. Kg2 Kh7 18. Rh1 1/2-1/2

[Event "Karposh Open 2015"]
[Site "Skopje MKD"]
[Date "2015.03.31"]
[Round "6.15"]
[White "Blagojevic, Dragisa"]
[Black "Potpara, Nikola"]
[Result "1-0"]
[WhiteElo "2522"]
[BlackElo "2353"]
[PlyCount "85"]
[EventDate "2015.03.27"]
[EventType "swiss"]
[EventRounds "9"]
[EventCountry "MKD"]
[Source "lmi"]
[SourceDate "2015.03.27"]

1. d4 Nf6 2. c4 e6 3. Nf3 b6 4. g3 Ba6 5. b3 Bb4+ 6. Bd2 Be7 7. Bg2 c6 8. Bc3
d5 9. Nbd2 Nbd7 10. O-O O-O 11. Re1 c5 12. e4 dxc4 13. Nxc4 cxd4 14. Nxd4 Rc8
15. e5 Nd5 16. Bb2 Bb4 17. Bxd5 exd5 18. Nd6 Bxe1 19. Qxe1 Nc5 20. Nxc8 Qxc8
21. Rd1 Qg4 22. f3 Qg6 23. Qe3 h5 24. Ba1 h4 25. Kg2 Nd3 26. Ne2 Re8 27. Bd4
h3+ 28. Kxh3 Nxe5 29. Nf4 Qh7+ 30. Kg2 f6 31. Ba1 Bb5 32. Qd2 Bc6 33. Bd4 g5
34. Bxe5 gxf4 35. Bd4 fxg3 36. hxg3 Bb5 37. Bf2 Bc6 38. Rh1 Qg6 39. Qf4 d4 40.
Rh6 Qg7 41. Rxf6 Bb5 42. Qf5 Bd3 43. Qd5+ 1-0

[Event "Karposh Open 2015"]
[Site "Skopje MKD"]
[Date "2015.03.31"]
[Round "6.16"]
[White "Todorovic, Goran N"]
[Black "Kovacevic, Aleksandar"]
[Result "1/2-1/2"]
[WhiteElo "2388"]
[BlackElo "2517"]
[PlyCount "107"]
[EventDate "2015.03.27"]
[EventType "swiss"]
[EventRounds "9"]
[EventCountry "MKD"]
[Source "lmi"]
[SourceDate "2015.03.27"]

1. c4 e5 2. Nc3 Nf6 3. Nf3 Nc6 4. e3 Bb4 5. Qc2 O-O 6. Nd5 Re8 7. a3 e4 8. Nxb4
exf3 9. gxf3 Nd4 10. Qd1 d5 11. b3 a5 12. Na2 a4 13. bxa4 Bf5 14. Nb4 c5 15.
Bb2 dxc4 16. Bxd4 Qxd4 17. Na2 Nd7 18. Be2 Ne5 19. Nc3 Qh4 20. h3 Qg5 21. Kf1
Nd3 22. f4 Qh4 23. Bxd3 Bxd3+ 24. Kg1 Ra6 25. Qf3 Rg6+ 26. Kh2 Bf5 27. Rhg1
Rxg1 28. Rxg1 Rd8 29. Qg3 Qxg3+ 30. Kxg3 Bc2 31. f3 Rxd2 32. Rg2 Rxg2+ 33. Kxg2
Kf8 34. e4 Ke7 35. Kf2 f6 36. h4 Kd6 37. a5 g6 38. Ke3 h6 39. Nd5 Ke6 40. Kd2
Ba4 41. Ne3 g5 42. fxg5 fxg5 43. hxg5 hxg5 44. Nxc4 Bb3 45. Nb2 Ke5 46. Kc3 Bf7
47. Nd3+ Kd6 48. Nf2 Be6 49. Ng4 Ba2 50. Nf2 Be6 51. Ng4 Ke7 52. Nf2 Kd6 53.
Ng4 Ke7 54. Nf2 1/2-1/2

[Event "Karposh Open 2015"]
[Site "Skopje MKD"]
[Date "2015.03.31"]
[Round "6.17"]
[White "Codenotti, Marco"]
[Black "Kuzmicz, Krystian"]
[Result "1/2-1/2"]
[WhiteElo "2385"]
[BlackElo "2485"]
[PlyCount "43"]
[EventDate "2015.03.27"]
[EventType "swiss"]
[EventRounds "9"]
[EventCountry "MKD"]
[Source "lmi"]
[SourceDate "2015.03.27"]

1. e4 c6 2. d4 d5 3. Nd2 dxe4 4. Nxe4 Bf5 5. Ng3 Bg6 6. h4 h6 7. Nf3 Nd7 8. h5
Bh7 9. Bd3 Bxd3 10. Qxd3 Ngf6 11. Bd2 e6 12. O-O-O Qc7 13. Qe2 O-O-O 14. Ne5
Nb6 15. Ba5 Rd5 16. Bxb6 axb6 17. c4 Ra5 18. Kb1 Bd6 19. f4 Rd8 20. Ne4 Nxe4
21. Qxe4 Qe7 22. Rd3 1/2-1/2

[Event "Karposh Open 2015"]
[Site "Skopje MKD"]
[Date "2015.03.31"]
[Round "6.18"]
[White "Kosic, Dragan"]
[Black "Marjanovic, Dejan"]
[Result "1-0"]
[WhiteElo "2478"]
[BlackElo "2346"]
[PlyCount "75"]
[EventDate "2015.03.27"]
[EventType "swiss"]
[EventRounds "9"]
[EventCountry "MKD"]
[Source "lmi"]
[SourceDate "2015.03.27"]

1. d4 g6 2. Nf3 Bg7 3. c4 d6 4. Nc3 Nc6 5. d5 Ne5 6. Nxe5 Bxe5 7. e4 Nf6 8. Bd3
O-O 9. Ne2 Nd7 10. O-O c6 11. Rb1 a5 12. b3 e6 13. dxe6 fxe6 14. f4 Bg7 15. Bc2
Nf6 16. h3 d5 17. e5 Ne8 18. Be3 Rf7 19. Qe1 b6 20. Rd1 c5 21. Nc3 d4 22. Ne4
Qe7 23. Bd2 Bh6 24. g4 Bf8 25. g5 Ng7 26. Nf6+ Kh8 27. Bxg6 hxg6 28. Qe4 Ra7
29. Qxg6 Rxf6 30. exf6 Qd6 31. Rde1 Qc6 32. Kh2 Nf5 33. Rf2 Qd7 34. Qh5+ Kg8
35. g6 Bh6 36. Re5 Qd8 37. g7 Qxf6 38. Qe8+ 1-0

[Event "Karposh Open 2015"]
[Site "Skopje MKD"]
[Date "2015.03.31"]
[Round "6.19"]
[White "Yurtseven, Melih"]
[Black "Nedev, Trajko"]
[Result "0-1"]
[WhiteElo "2356"]
[BlackElo "2470"]
[PlyCount "82"]
[EventDate "2015.03.27"]
[EventType "swiss"]
[EventRounds "9"]
[EventCountry "MKD"]
[Source "lmi"]
[SourceDate "2015.03.27"]

1. e4 c5 2. Nf3 Nc6 3. Nc3 Nf6 4. Bb5 g6 5. e5 Ng4 6. Bxc6 dxc6 7. h3 Nh6 8. g4
Bg7 9. d3 O-O 10. Qe2 Qb6 11. Nd2 f5 12. g5 Nf7 13. f4 Nd8 14. Nf3 Ne6 15. Nd1
Nd4 16. Qf2 Be6 17. c4 Rfd8 18. Nxd4 Rxd4 19. Qc2 Rad8 20. Nf2 Qc7 21. Be3 b5
22. O-O-O bxc4 23. Bxd4 Rxd4 24. Qd2 cxd3 25. Kb1 Qd7 26. Rc1 Qd5 27. b3 Qf3
28. Rhf1 c4 29. bxc4 Bxc4 30. Rfd1 Rxf4 31. Nxd3 Rd4 32. Ne1 Qe4+ 33. Qc2 Bd5
34. Qxe4 Bxe4+ 35. Kb2 Bxe5 36. Rxd4 Bxd4+ 37. Ka3 f4 38. Nc2 Bc5+ 39. Nb4 Be3
40. Rc4 f3 41. Rxe4 Bc1+ 0-1

[Event "Karposh Open 2015"]
[Site "Skopje MKD"]
[Date "2015.03.31"]
[Round "6.20"]
[White "Abramovic, Bosko"]
[Black "Emiroglu, Cankut"]
[Result "1-0"]
[WhiteElo "2462"]
[BlackElo "2338"]
[PlyCount "64"]
[EventDate "2015.03.27"]
[EventType "swiss"]
[EventRounds "9"]
[EventCountry "MKD"]
[Source "lmi"]
[SourceDate "2015.03.27"]

1. c4 Nf6 2. Nf3 e6 3. g3 d5 4. Bg2 Be7 5. O-O O-O 6. b3 c5 7. cxd5 Nxd5 8. Bb2
b6 9. Nc3 Nxc3 10. Bxc3 Bb7 11. Qc2 Qc8 12. Qb2 f6 13. d4 cxd4 14. Bxd4 Nc6 15.
Rac1 Qe8 16. Rfd1 Nxd4 17. Nxd4 Bxg2 18. Kxg2 Bc5 19. b4 Bxd4 20. Rxd4 Rc8 21.
Rxc8 Qxc8 22. Qd2 Qc6+ 23. f3 Rc8 24. Qd3 b5 25. a3 f5 26. Rd6 Qc4 27. Qe3 Kf7
28. Rd7+ Kf6 29. Rxa7 g5 30. Kf2 Qc6 31. Qd2 Qc3 32. Rd7 Rc4 1-0

[Event "Karposh Open 2015"]
[Site "Skopje MKD"]
[Date "2015.03.31"]
[Round "6.21"]
[White "Markoja, Boris"]
[Black "Arnaudov, G. Petar"]
[Result "0-1"]
[WhiteElo "2353"]
[BlackElo "2461"]
[PlyCount "134"]
[EventDate "2015.03.27"]
[EventType "swiss"]
[EventRounds "9"]
[EventCountry "MKD"]
[Source "lmi"]
[SourceDate "2015.03.27"]

1. c4 b6 2. Nc3 Bb7 3. e4 c5 4. Nf3 d6 5. d4 cxd4 6. Nxd4 Nf6 7. f3 e6 8. Be2
Be7 9. O-O a6 10. Be3 O-O 11. a4 Nc6 12. Nxc6 Bxc6 13. Rc1 Qb8 14. Kh1 Re8 15.
Qd2 Nd7 16. Rfd1 Nc5 17. Qc2 a5 18. Nb5 Rd8 19. Bf4 Rd7 20. b3 Qf8 21. Rd2 Bxb5
22. cxb5 d5 23. Rcd1 Rad8 24. Be3 Qe8 25. exd5 Rxd5 26. Bc4 Rxd2 27. Rxd2 Rxd2
28. Qxd2 Qc8 29. Bxc5 Qxc5 30. g3 g6 31. Kg2 Bf6 32. Qd3 Kg7 33. Qd2 h5 34. Qd3
Bd4 35. Qe4 Qd6 36. Qd3 Qe5 37. Qe4 Qc5 38. Qd3 Qd6 39. Qd2 Qe5 40. Qe2 Qf6 41.
f4 Kg8 42. Qe4 Bc5 43. Kh3 Kg7 44. Qd3 h4 45. Qe4 hxg3 46. hxg3 Qa1 47. Qf3 Qb1
48. Qf1 Qf5+ 49. Kg2 Bd4 50. Qd3 Qc5 51. Qe4 Bf6 52. Qd3 g5 53. Qe4 g4 54. Kf1
Qh5 55. Be2 Qh3+ 56. Qg2 Qh7 57. Bd1 Bd4 58. Bc2 Qh5 59. Qe4 Bc5 60. Bd3 Qh3+
61. Qg2 Qh6 62. Qe4 Qf6 63. Bc4 Qc3 64. Qd3 Qa1+ 65. Ke2 Bb4 66. Kf2 Qe1+ 67.
Kg2 Bc5 0-1

[Event "Karposh Open 2015"]
[Site "Skopje MKD"]
[Date "2015.03.31"]
[Round "6.22"]
[White "Kanmazalp, Ogulcan"]
[Black "Akhmetov, Ayan"]
[Result "1/2-1/2"]
[WhiteElo "2458"]
[BlackElo "2335"]
[PlyCount "91"]
[EventDate "2015.03.27"]
[EventType "swiss"]
[EventRounds "9"]
[EventCountry "MKD"]
[Source "lmi"]
[SourceDate "2015.03.27"]

1. e4 e6 2. d4 d5 3. Nd2 Nc6 4. Ngf3 Nf6 5. e5 Nd7 6. Bd3 f6 7. Ng5 Ndxe5 8.
dxe5 fxg5 9. Qh5+ g6 10. Bxg6+ Kd7 11. c4 Nxe5 12. Bc2 Qf6 13. O-O Bd6 14. b4
Ng6 15. Nf3 Nf4 16. Bxf4 gxf4 17. c5 Bf8 18. Ne5+ Ke7 19. Bxh7 Bd7 20. Ng6+ Kd8
21. Nxh8 Qxh8 22. Rfe1 a5 23. Rad1 axb4 24. Rxd5 exd5 25. Qh4+ Be7 26. Qxe7+
Kc8 27. Bf5 Bxf5 28. Qe8+ Qxe8 29. Rxe8+ Kd7 30. Rxa8 Kc6 31. Ra5 Bd3 32. h4 d4
33. f3 b6 34. cxb6 Kxb6 35. Rd5 c5 36. h5 Kc6 37. Rd8 Kc7 38. Rd5 Kc6 39. Rd8
Kc7 40. Rh8 c4 41. h6 b3 42. axb3 cxb3 43. h7 b2 44. Rb8 Kxb8 45. h8=Q+ Kc7 46.
Qg7+ 1/2-1/2

[Event "Karposh Open 2015"]
[Site "Skopje MKD"]
[Date "2015.03.31"]
[Round "6.23"]
[White "Kapnisis, Spyridon"]
[Black "Dimic, Pavle"]
[Result "1-0"]
[WhiteElo "2455"]
[BlackElo "2320"]
[PlyCount "63"]
[EventDate "2015.03.27"]
[EventType "swiss"]
[EventRounds "9"]
[EventCountry "MKD"]
[Source "lmi"]
[SourceDate "2015.03.27"]

1. d4 Nf6 2. Nc3 d5 3. Bf4 Bf5 4. e3 e6 5. Bd3 Bxd3 6. Qxd3 c6 7. h3 Bd6 8. Nf3
Qc7 9. Bg5 Nbd7 10. e4 Nxe4 11. Nxe4 dxe4 12. Qxe4 Qa5+ 13. Bd2 Bb4 14. c3 Be7
15. O-O Nf6 16. Qe2 b5 17. Ne5 Rc8 18. Qf3 Qc7 19. a4 a6 20. axb5 axb5 21. Ra6
c5 22. Rfa1 Qd8 23. Qb7 cxd4 24. Ra8 O-O 25. Rxc8 Qxc8 26. Qxe7 Ne4 27. Ra7 Qe8
28. Qxe8 Rxe8 29. Be1 d3 30. Rd7 Nc5 31. Rd6 g6 32. b4 1-0

[Event "Karposh Open 2015"]
[Site "Skopje MKD"]
[Date "2015.03.31"]
[Round "6.24"]
[White "Koksal, Ege"]
[Black "Annaberdiev, Meilis"]
[Result "1-0"]
[WhiteElo "2339"]
[BlackElo "2446"]
[PlyCount "52"]
[EventDate "2015.03.27"]
[EventType "swiss"]
[EventRounds "9"]
[EventCountry "MKD"]
[Source "lmi"]
[SourceDate "2015.03.27"]

1. d4 g6 2. Nf3 Bg7 3. g3 d6 4. Bg2 Nf6 5. O-O O-O 6. c4 Nbd7 7. Nc3 e5 8. e4
exd4 9. Nxd4 Re8 10. Re1 a6 11. h3 Rb8 12. a4 Ne5 13. b3 Bd7 14. Be3 Qc8 15.
Kh2 h5 16. Qd2 h4 17. g4 c5 18. Nf3 Nxf3+ 19. Bxf3 b5 20. axb5 axb5 21. Rac1
bxc4 22. bxc4 Rb4 23. Nd5 Nxd5 24. exd5 Be5+ 25. Kg2 f5 26. Qd1 Rb2 1-0

[Event "Karposh Open 2015"]
[Site "Skopje MKD"]
[Date "2015.03.31"]
[Round "6.25"]
[White "Vucinic, Gojko"]
[Black "Haznedaroglu, Kivanc"]
[Result "1/2-1/2"]
[WhiteElo "2320"]
[BlackElo "2445"]
[PlyCount "35"]
[EventDate "2015.03.27"]
[EventType "swiss"]
[EventRounds "9"]
[EventCountry "MKD"]
[Source "lmi"]
[SourceDate "2015.03.27"]

1. e4 e6 2. d4 d5 3. Nc3 Bb4 4. e5 b6 5. a3 Bf8 6. h4 Ba6 7. Bxa6 Nxa6 8. h5 c5
9. Nge2 Qd7 10. f4 Nc7 11. Be3 Nh6 12. Ng3 Nb5 13. Nxb5 Qxb5 14. f5 Nxf5 15.
Nxf5 exf5 16. Qf3 Be7 17. Qxf5 Qd7 18. O-O 1/2-1/2

[Event "Karposh Open 2015"]
[Site "Skopje MKD"]
[Date "2015.03.31"]
[Round "6.26"]
[White "Dourerassou, Jonathan"]
[Black "Vragoteris, Antonios"]
[Result "1-0"]
[WhiteElo "2438"]
[BlackElo "2238"]
[PlyCount "59"]
[EventDate "2015.03.27"]
[EventType "swiss"]
[EventRounds "9"]
[EventCountry "MKD"]
[Source "lmi"]
[SourceDate "2015.03.27"]

1. e4 c5 2. Nf3 Nc6 3. d4 cxd4 4. Nxd4 Nf6 5. Nc3 d6 6. Bc4 e6 7. Bb3 a6 8. Be3
Qc7 9. f4 Na5 10. Qf3 Be7 11. g4 Nc4 12. g5 Nd7 13. O-O-O Nxe3 14. Qxe3 Nc5 15.
f5 Nxb3+ 16. axb3 Qa5 17. Kb1 Bd7 18. b4 Qxb4 19. e5 d5 20. f6 Bc5 21. fxg7 Rg8
22. Rhf1 Rxg7 23. Rf4 Bxd4 24. Rfxd4 Qe7 25. Rxd5 Bc6 26. Rd6 Rxg5 27. Qc5 Rc8
28. Ne4 Rf5 29. Rg1 Kf8 30. Rxc6 1-0

[Event "Karposh Open 2015"]
[Site "Skopje MKD"]
[Date "2015.03.31"]
[Round "6.27"]
[White "Bogdanovski, Vlatko"]
[Black "Bolat, Ahmet"]
[Result "1-0"]
[WhiteElo "2413"]
[BlackElo "2170"]
[PlyCount "108"]
[EventDate "2015.03.27"]
[EventType "swiss"]
[EventRounds "9"]
[EventCountry "MKD"]
[Source "lmi"]
[SourceDate "2015.03.27"]

1. d4 Nf6 2. Nf3 c5 3. d5 b5 4. Bg5 Bb7 5. Bxf6 exf6 6. e4 Qe7 7. Be2 a6 8. c4
g6 9. O-O b4 10. Nbd2 Bg7 11. Nb3 O-O 12. a3 a5 13. axb4 axb4 14. Rxa8 Bxa8 15.
Qa1 Qxe4 16. Re1 Bxd5 17. cxd5 Qxd5 18. Qd1 Qc6 19. Bc4 d6 20. Re7 Nd7 21. Na5
Qc7 22. Bxf7+ Kh8 23. Qa4 Nb6 24. Rxc7 Nxa4 25. b3 Nc3 26. Nb7 Ne4 27. h4 Ra8
28. Rd7 Bh6 29. Rd8+ Rxd8 30. Nxd8 Kg7 31. Bc4 f5 32. Nf7 Bc1 33. N3g5 Nd2 34.
Nxd6 Kf6 35. Nf3 Nxf3+ 36. gxf3 Bb2 37. Nb7 Bd4 38. Nd8 Be5 39. Ne6 Bd6 40. f4
h5 41. Kg2 Ke7 42. Kf3 Kd7 43. Ng5 Ke7 44. Bf7 Kf6 45. Ke3 Bb8 46. Bc4 Bd6 47.
Nf3 Kg7 48. Bb5 Bc7 49. Be8 Bd8 50. Kd3 Be7 51. Kc4 Kh7 52. Kd5 Kh6 53. Ke6
Bxh4 54. Nxh4 c4 1-0

[Event "Karposh Open 2015"]
[Site "Skopje MKD"]
[Date "2015.03.31"]
[Round "6.28"]
[White "Jacimovic, Dragoljub"]
[Black "Theodorou, Nikolas"]
[Result "1-0"]
[WhiteElo "2411"]
[BlackElo "2334"]
[PlyCount "162"]
[EventDate "2015.03.27"]
[EventType "swiss"]
[EventRounds "9"]
[EventCountry "MKD"]
[Source "lmi"]
[SourceDate "2015.03.27"]

1. Nf3 Nf6 2. g3 c5 3. Bg2 Nc6 4. O-O e5 5. e4 d6 6. Re1 Be7 7. c3 Qb6 8. Na3
Be6 9. d4 cxd4 10. cxd4 Bg4 11. d5 Nd4 12. Be3 Qxb2 13. Qa4+ Bd7 14. Bxd4 exd4
15. Qb3 Qxb3 16. axb3 O-O-O 17. Nxd4 Kb8 18. Nc4 Rhe8 19. h3 g5 20. Re2 Bf8 21.
Rea2 a6 22. f3 Rc8 23. Bf1 Rc7 24. b4 Nxe4 25. fxe4 Rxe4 26. Nc6+ Bxc6 27. dxc6
Rxc6 28. b5 Rcxc4 29. Bxc4 Rxc4 30. bxa6 Bg7 31. Rb1 Bd4+ 32. Kg2 b6 33. a7+
Ka8 34. Kf3 f5 35. Kg2 Be3 36. Rb3 f4 37. gxf4 gxf4 38. Kf3 Rc7 39. Rd3 Rd7 40.
Rd5 Bc5 41. Rf5 d5 42. Kxf4 d4 43. Rg5 Rd8 44. Ke4 d3 45. Rd5 Rxd5 46. Kxd5 Be3
47. Kc4 d2 48. Ra1 h6 49. Kb5 h5 50. Ka6 h4 51. Kb5 d1=Q 52. Rxd1 Kxa7 53. Rd7+
Kb8 54. Kc6 Bf2 55. Rf7 Bg3 56. Kxb6 Kc8 57. Kc6 Kd8 58. Kd5 Bh2 59. Ke6 Bg3
60. Rf8+ Kc7 61. Ra8 Bf2 62. Ra2 Bg3 63. Rd2 Bf4 64. Rd7+ Kc8 65. Ke7 Bc7 66.
Rd4 Bg3 67. Rc4+ Kb7 68. Ke6 Kb6 69. Kd5 Kb7 70. Ke4 Kb6 71. Kf5 Kb5 72. Rc2
Kb6 73. Kg5 Kb5 74. Rc8 Kb6 75. Rc4 Kb5 76. Rxh4 Bxh4+ 77. Kxh4 Kc5 78. Kg5 Kd6
79. Kf6 Kd7 80. h4 Ke8 81. Kg7 Ke7 1-0

[Event "Karposh Open 2015"]
[Site "Skopje MKD"]
[Date "2015.03.31"]
[Round "6.29"]
[White "Palac, Mladen"]
[Black "Pecurica, Milos"]
[Result "1-0"]
[WhiteElo "2581"]
[BlackElo "2240"]
[PlyCount "75"]
[EventDate "2015.03.27"]
[EventType "swiss"]
[EventRounds "9"]
[EventCountry "MKD"]
[Source "lmi"]
[SourceDate "2015.03.27"]

1. d4 d5 2. c4 c6 3. Nc3 Nf6 4. Nf3 e6 5. e3 Nbd7 6. Qc2 Bd6 7. Bd3 O-O 8. O-O
dxc4 9. Bxc4 a6 10. Rd1 b5 11. Bd3 Qc7 12. Bd2 Bb7 13. b4 e5 14. Ne4 Nxe4 15.
Bxe4 g6 16. a3 exd4 17. exd4 Nf6 18. Bd3 Bc8 19. Rac1 Bd7 20. Ng5 Nd5 21. Qb3
f5 22. Be2 h6 23. Bf3 Qb7 24. Bxd5+ cxd5 25. Nf3 Kh7 26. Ne5 Be6 27. h4 Bxe5
28. dxe5 Rac8 29. Rxc8 Qxc8 30. Rc1 Qb7 31. Rc5 Qe7 32. Rc6 f4 33. Qc3 Rf7 34.
Rxa6 Bf5 35. Qd4 Qxh4 36. e6 Re7 37. Bc3 g5 38. Qf6 1-0

[Event "Karposh Open 2015"]
[Site "Skopje MKD"]
[Date "2015.03.31"]
[Round "6.30"]
[White "Mastrovasilis, Athanasios"]
[Black "Hristodorescu, Daniel"]
[Result "1-0"]
[WhiteElo "2506"]
[BlackElo "2194"]
[PlyCount "81"]
[EventDate "2015.03.27"]
[EventType "swiss"]
[EventRounds "9"]
[EventCountry "MKD"]
[Source "lmi"]
[SourceDate "2015.03.27"]

1. d4 Nf6 2. Nf3 g6 3. c4 Bg7 4. Nc3 O-O 5. Bf4 d6 6. e3 c5 7. d5 Qb6 8. Qc2 e5
9. Bg5 h6 10. Bxf6 Bxf6 11. h4 Bg7 12. h5 g5 13. e4 f5 14. Be2 f4 15. Nh2 Nd7
16. Bg4 Nf6 17. Bxc8 Rfxc8 18. Qe2 a6 19. O-O-O Qa5 20. Ng4 Nd7 21. Rh3 Rcb8
22. Nb1 b5 23. Ra3 Qb6 24. Nd2 Ra7 25. Kb1 Qc7 26. Rc1 Nb6 27. cxb5 axb5 28.
Rb3 b4 29. Rxb4 Rxa2 30. Kxa2 Qa7+ 31. Kb1 cxb4 32. Rc6 Ra8 33. Qd3 Na4 34. Qc4
Nc5 35. Kc2 Qd7 36. f3 Rb8 37. Nb3 Nxb3 38. Kxb3 Rb7 39. Rc8+ Kf7 40. Qc6 Qe7
41. Ra8 1-0

[Event "Karposh Open 2015"]
[Site "Skopje MKD"]
[Date "2015.03.31"]
[Round "6.31"]
[White "Hadzimanolis, Antonios"]
[Black "Tosic, Miroslav"]
[Result "1-0"]
[WhiteElo "2239"]
[BlackElo "2413"]
[PlyCount "81"]
[EventDate "2015.03.27"]
[EventType "swiss"]
[EventRounds "9"]
[EventCountry "MKD"]
[Source "lmi"]
[SourceDate "2015.03.27"]

1. e4 c5 2. c3 Nf6 3. e5 Nd5 4. Nf3 e6 5. Bc4 Nb6 6. Bb3 c4 7. Bc2 d5 8. exd6
Bxd6 9. b3 N8d7 10. Qe2 Qc7 11. Na3 Bxa3 12. Bxa3 Nf6 13. Ne5 cxb3 14. axb3 Bd7
15. O-O Bc6 16. c4 Rd8 17. f4 h5 18. Rad1 Nc8 19. d4 Ne7 20. f5 Ng4 21. fxe6 f6
22. h3 Nxe5 23. dxe5 Rxd1 24. Bxd1 Qxe5 25. Qxe5 fxe5 26. Rf7 Ng6 27. Bxh5 Rxh5
28. Rxg7 Kd8 29. Rxg6 Kc7 30. Bc5 Rh7 31. Rf6 Be8 32. Rf8 Kc6 33. b4 b6 34.
Rxe8 bxc5 35. e7 Kd6 36. bxc5+ Ke6 37. c6 Rxe7 38. Rxe7+ Kxe7 39. h4 a5 40. c7
Kd7 41. h5 1-0

[Event "Karposh Open 2015"]
[Site "Skopje MKD"]
[Date "2015.03.31"]
[Round "6.32"]
[White "Ivanov, Mikhail M"]
[Black "Vladimirov, Vladimir"]
[Result "1-0"]
[WhiteElo "2412"]
[BlackElo "2148"]
[PlyCount "95"]
[EventDate "2015.03.27"]
[EventType "swiss"]
[EventRounds "9"]
[EventCountry "MKD"]
[Source "lmi"]
[SourceDate "2015.03.27"]

1. d4 d6 2. c4 g6 3. e4 Nf6 4. Nc3 Bg7 5. Nge2 O-O 6. Ng3 c5 7. d5 e6 8. Be2
exd5 9. exd5 Nbd7 10. O-O Ne8 11. Be3 h6 12. Qd2 Qh4 13. f4 f5 14. Bf2 Qd8 15.
a3 Ndf6 16. b4 b6 17. h3 Bd7 18. Bd3 Nc7 19. Rab1 Rb8 20. Rb3 Re8 21. Rfb1 Ra8
22. bxc5 bxc5 23. a4 Na6 24. Nb5 Bc8 25. Re1 Bf8 26. Bb1 Nb4 27. Nd4 Qa5 28.
Ne6 Bxe6 29. dxe6 Qxa4 30. Rbe3 Nc6 31. Bxf5 gxf5 32. Nxf5 Ne7 33. Rg3+ Kh8 34.
Nxd6 Bg7 35. Nf7+ Kg8 36. Qd3 Kf8 37. Bxc5 Qc6 38. Ba3 Nh5 39. Rg4 Nf6 40. Rg6
Qb6+ 41. Kh1 Qf2 42. Rf1 Qh4 43. Qf5 Rac8 44. g3 Qh5 45. Rxf6 Qxf5 46. Rxf5 Kg8
47. Rb5 a6 48. Rh5 1-0